000 00290nam a2200097Ia 4500
008 220204s9999 xx 000 0 und d
082 _a678.029.6
_bAST
245 0 _aASTM specifications for rubber protective equipment for electrical workers
260 _aPhiladelphia
_bASTM
_c1971
942 _cBK
999 _c24025
_d24025